[Event "FRA-chT1A 0809"]
[Site "France"]
[Date "2009.03.15"]
[Round "9.2"]
[White "Piot, Olivier"]
[Black "Bouchet, Nicolas"]
[Result "1/2-1/2"]
[WhiteElo "2260"]
[BlackElo "2312"]
[PlyCount "35"]
[EventDate "2008.10.19"]
[EventType "team-tourn"]
[EventRounds "11"]
[EventCountry "FRA"]
[SourceTitle "EXT 2010"]
[Source "ChessBase"]
[SourceDate "2010.11.25"]
[SourceVersion "1"]
[SourceVersionDate "2010.11.25"]
[SourceQuality "1"]
[WhiteTeam "Noisy le Grand"]
[BlackTeam "Creteil"]
[WhiteTeamCountry "FRA"]
[BlackTeamCountry "FRA"]

1. d4 d5 2. c4 c6 3. Nf3 Nf6 4. e3 a6 5. Bd3 Bg4 6. Nbd2 Nbd7 7. Qc2 e6 8. b3 c5 9. 0-0 Rc8 10. a4 Be7 11. Bb2 Bh5 12. Rac1 Bg6 13. Rfd1 Bxd3 14. Qxd3 0-0 15. Ne5 dxc4 16. Nexc4 cxd4 17. Qxd4 Nc5 18. Ba3 1/2-1/2

[Event "FRA-chT1A 0809"]
[Site "France"]
[Date "2009.03.14"]
[Round "8.1"]
[White "Lagarde, Maxime"]
[Black "Bouchet, Nicolas"]
[Result "1-0"]
[WhiteElo "2343"]
[BlackElo "2312"]
[PlyCount "78"]
[EventDate "2008.10.19"]
[EventType "team-tourn"]
[EventRounds "11"]
[EventCountry "FRA"]
[SourceTitle "EXT 2010"]
[Source "ChessBase"]
[SourceDate "2010.11.25"]
[SourceVersion "1"]
[SourceVersionDate "2010.11.25"]
[SourceQuality "1"]
[WhiteTeam "Clichy II"]
[BlackTeam "Creteil"]
[WhiteTeamCountry "FRA"]
[BlackTeamCountry "FRA"]

1. e4 c5 2. Nf3 Nc6 3. d4 cxd4 4. Nxd4 Nf6 5. Nc3 g6 6. Be3 Bg7 7. f3 0-0 8. Bc4 Qb6 9. a3 Ng4 10. fxg4 Nxd4 11. Nd5 Qc5 12. c3 Qxc4 13. Bxd4 Re8 14. b3 Qc6 15. Bxg7 Kxg7 16. h4 d6 17. h5 g5 18. Qd4+ Kg8 19. h6 f6 20. 0-0-0 Qc5 21. Qxc5 dxc5 22. Nc7 Bxg4 23. Rd5 b6 24. Nxa8 Rxa8 25. b4 cxb4 26. cxb4 a5 27. Kb2 axb4 28. axb4 Be6 29. Rb5 Ra2+ 30. Kc3 Rxg2 31. Rxb6 Kf7 32. b5 Rg3+ 33. Kd4 Rb3 34. Rb7 Rb4+ 35. Kd3 Bd7 36. b6 Bc6 37. Kc3 Rxe4 38. Rb8 Rh4 39. b7 Bxb7 1-0

[Event "FRA-chT1B 0708"]
[Site "France"]
[Date "2008.04.05"]
[Round "10.2"]
[White "Dobrev, Nanko"]
[Black "Bouchet, Nicolas"]
[Result "1-0"]
[WhiteElo "2448"]
[BlackElo "2298"]
[PlyCount "110"]
[EventDate "2007.10.21"]
[EventType "team"]
[EventRounds "11"]
[EventCountry "FRA"]
[SourceTitle "EXT 2009"]
[Source "ChessBase"]
[SourceDate "2008.11.26"]
[SourceVersion "1"]
[SourceVersionDate "2008.11.26"]
[SourceQuality "1"]
[WhiteTeam "Grasse"]
[BlackTeam "Creteil"]
[WhiteTeamCountry "FRA"]
[BlackTeamCountry "FRA"]

1. d4 d5 2. Nf3 Nf6 3. c4 c6 4. Nc3 a6 5. cxd5 cxd5 6. Bf4 Nc6 7. e3 Bg4 8. h3 Bxf3 9. gxf3 e6 10. Rc1 Rc8 11. Be2 Be7 12. 0-0 0-0 13. Na4 Nd7 14. a3 f5 15. Bg3 g5 16. f4 Bd6 17. Nc5 Nxc5 18. dxc5 gxf4 19. exf4 Be7 20. b4 Bf6 21. Bh5 Bb2 22. Rb1 Qf6 23. Qd3 Kh8 24. Rfe1 Rg8 25. Rxb2 Qxb2 26. Rxe6 Qd4 27. Qxd4+ Nxd4 28. Rb6 Rc7 29. Kf1 Rc6 30. Rxb7 Rh6 31. Bf7 Rd8 32. a4 Nb3 33. a5 Nd2+ 34. Kg2 d4 35. Rb6 Kg7 36. Rb7 Kh8 37. Rb6 Kg7 38. c6 Rc8 39. Bd5 Rd6 40. Rb7+ Kh6 41. Rd7 Rg6 42. c7 Rg7 43. Bf7 Ne4 44. Kf3 d3 45. Bh4 d2 46. Ke2 Rg1 47. Bg5+ Nxg5 48. fxg5+ Kxg5 49. Kxd2 Kf6 50. Bc4 Rg7 51. Rxg7 Kxg7 52. Bxa6 Rxc7 53. Bd3 Kf6 54. b5 Ke5 55. a6 Rc8 1-0

[Event "FRA-chT1B 0708"]
[Site "France"]
[Date "2008.03.16"]
[Round "9.1"]
[White "Bouchet, Nicolas"]
[Black "Romero Holmes, Alfonso"]
[Result "0-1"]
[WhiteElo "2298"]
[BlackElo "2526"]
[PlyCount "100"]
[EventDate "2007.10.21"]
[EventType "team"]
[EventRounds "11"]
[EventCountry "FRA"]
[SourceTitle "EXT 2009"]
[Source "ChessBase"]
[SourceDate "2008.11.26"]
[SourceVersion "1"]
[SourceVersionDate "2008.11.26"]
[SourceQuality "1"]
[WhiteTeam "Creteil"]
[BlackTeam "Avignon"]
[WhiteTeamCountry "FRA"]
[BlackTeamCountry "FRA"]

1. e4 c5 2. c3 e6 3. d4 cxd4 4. cxd4 d5 5. exd5 exd5 6. Nc3 Nc6 7. Nf3 Bg4 8. Be2 Bb4 9. h3 Bh5 10. 0-0 Nge7 11. Bf4 Bxc3 12. bxc3 0-0 13. Rb1 Na5 14. Qa4 b6 15. Rbc1 f6 16. Rfe1 a6 17. Qa3 Re8 18. Qd6 Qxd6 19. Bxd6 Nf5 20. Bc7 Rxe2 21. Rxe2 Bxf3 22. gxf3 Nc4 23. Re6 Rc8 24. Bxb6 Kf7 25. Rce1 Nd2 26. Bc5 Nxf3+ 27. Kf1 Nxe1 28. Rxe1 Rb8 29. Re2 Rb1+ 30. Re1 Rxe1+ 31. Kxe1 Ke6 32. Ke2 Nd6 33. Bxd6 Kxd6 34. Kd3 g5 35. c4 dxc4+ 36. Kxc4 h5 37. f3 f5 38. Kd3 Kd5 39. a3 a5 40. a4 h4 41. Ke3 Kc4 42. f4 gxf4+ 43. Kxf4 Kxd4 44. Kxf5 Kc4 45. Ke4 Kb4 46. Kd4 Kxa4 47. Kc4 Ka3 48. Kc3 a4 49. Kc2 Kb4 50. Kb2 Kc4 0-1

[Event "FRA-chT1B 0708"]
[Site "France"]
[Date "2007.12.15"]
[Round "4.2"]
[White "Vajda, Levente"]
[Black "Bouchet, Nicolas"]
[Result "1-0"]
[WhiteElo "2564"]
[BlackElo "2298"]
[PlyCount "93"]
[EventDate "2007.10.21"]
[EventType "team"]
[EventRounds "11"]
[EventCountry "FRA"]
[SourceTitle "EXT 2009"]
[Source "ChessBase"]
[SourceDate "2008.11.26"]
[SourceVersion "1"]
[SourceVersionDate "2008.11.26"]
[SourceQuality "1"]
[WhiteTeam "Belfort"]
[BlackTeam "Creteil"]
[WhiteTeamCountry "FRA"]
[BlackTeamCountry "FRA"]

1. e4 c5 2. c3 Nf6 3. e5 Nd5 4. d4 cxd4 5. Nf3 Nc6 6. cxd4 d6 7. Bc4 Nb6 8. Bb5 dxe5 9. Nxe5 Bd7 10. Nxd7 Qxd7 11. Nc3 e6 12. 0-0 Be7 13. Qg4 0-0 14. Bh6 Qxd4 15. Bf4 Nd5 16. Nxd5 Qxd5 17. Bxc6 Qxc6 18. Be5 f6 19. Rac1 Qd5 20. Rc7 Rf7 21. Bc3 Bf8 22. Rxf7 Kxf7 23. Rd1 Qc6 24. h4 b5 25. h5 a5 26. Qf4 b4 27. Be5 Kg8 28. Bc7 e5 29. Qd2 a4 30. h6 g6 31. Bd8 Ra6 32. Qd3 Qe6 33. Qb5 a3 34. bxa3 bxa3 35. Bc7 Ra8 36. Bb8 Qxa2 37. Rd8 Qf7 38. Qc6 Ra5 39. Bd6 a2 40. Rxf8+ Qxf8 41. Qc4+ Kh8 42. Bxf8 a1Q+ 43. Kh2 Ra7 44. Qc8 Kg8 45. Ba3+ Kf7 46. Qc4+ Ke8 47. Qg8+ 1-0

[Event "FRA-chT1B 0708"]
[Site "France"]
[Date "2007.11.25"]
[Round "3.2"]
[White "Bouchet, Nicolas"]
[Black "Babault, Patrice"]
[Result "1-0"]
[WhiteElo "2298"]
[BlackElo "2334"]
[PlyCount "147"]
[EventDate "2007.10.21"]
[EventType "team"]
[EventRounds "11"]
[EventCountry "FRA"]
[SourceTitle "EXT 2009"]
[Source "ChessBase"]
[SourceDate "2008.11.26"]
[SourceVersion "1"]
[SourceVersionDate "2008.11.26"]
[SourceQuality "1"]
[WhiteTeam "Creteil"]
[BlackTeam "Lutece"]
[WhiteTeamCountry "FRA"]
[BlackTeamCountry "FRA"]

1. e4 c5 2. c3 Nf6 3. e5 Nd5 4. Nf3 e6 5. d4 cxd4 6. cxd4 d6 7. a3 Bd7 8. Bd3 Bc6 9. 0-0 Nd7 10. Re1 Rc8 11. Bg5 Be7 12. Bxe7 Qxe7 13. Nbd2 Nf4 14. Ne4 dxe5 15. dxe5 0-0 16. Qd2 Ng6 17. Neg5 h6 18. Bxg6 fxg6 19. Ne4 g5 20. Nd4 Bxe4 21. Rxe4 Rfd8 22. Rd1 Nb6 23. Ree1 Nd5 24. g3 Nc7 25. Qa5 a6 26. Qb6 Re8 27. Qb3 Qf7 28. Rd2 Rb8 29. Re3 Qg6 30. Rf3 Kh8 31. Qc2 Qxc2 32. Rxc2 Re7 33. Rb3 Nd5 34. Nc6 Rc8 35. Nxe7 Rxc2 36. Nxd5 exd5 37. Rxb7 Kg8 38. Rd7 Rxb2 39. Rxd5 Kf7 40. Ra5 Ke6 41. Kg2 Rb3 42. h3 Kf5 43. a4 Ra3 44. Rxa6 Kxe5 45. a5 Kf5 46. g4+ Ke5 47. Ra8 Kf6 48. Rf8+ Kg6 49. Rf5 h5 50. Rb5 Ra4 51. Kf3 Rf4+ 52. Kg3 Ra4 53. Rb6+ Kh7 54. a6 Ra3+ 55. f3 hxg4 56. Kxg4 Ra5 57. Kg3 Ra2 58. Rc6 Ra4 59. Kf2 Ra3 60. Rb6 Kg8 61. Ke2 Kf7 62. Rc6 Kg8 63. Kd2 Kh7 64. Kc2 Rxf3 65. Rc3 Rf8 66. a7 Kh6 67. Ra3 Ra8 68. Kd2 Kh5 69. Ra4 g4 70. hxg4+ Kh4 71. Ke3 g5 72. Kf3 Rf8+ 73. Kg2 Ra8 74. Kh2 1-0

[Event "FRA-chT1B 0708"]
[Site "France"]
[Date "2007.10.21"]
[Round "1.1"]
[White "Velikov, Petar"]
[Black "Bouchet, Nicolas"]
[Result "0-1"]
[WhiteElo "2426"]
[BlackElo "2298"]
[PlyCount "126"]
[EventDate "2007.10.21"]
[EventType "team"]
[EventRounds "11"]
[EventCountry "FRA"]
[SourceTitle "EXT 2009"]
[Source "ChessBase"]
[SourceDate "2008.11.26"]
[SourceVersion "1"]
[SourceVersionDate "2008.11.26"]
[SourceQuality "1"]
[WhiteTeam "Vincennes"]
[BlackTeam "Creteil"]
[WhiteTeamCountry "FRA"]
[BlackTeamCountry "FRA"]

1. Nf3 d5 2. g3 Nf6 3. Bg2 Bf5 4. c4 dxc4 5. Qa4+ c6 6. Qxc4 Nbd7 7. d3 e5 8. 0-0 Be7 9. Nbd2 0-0 10. Qc2 Qc7 11. e4 Bg4 12. h3 Bxf3 13. Nxf3 Nc5 14. Be3 Ne6 15. Rfd1 c5 16. Rac1 Qd6 17. Qb3 Rab8 18. a4 Rfd8 19. Bf1 b6 20. Nd2 Nd4 21. Bxd4 Qxd4 22. Nc4 Ne8 23. h4 Nc7 24. Bh3 g6 25. Ne3 Qd6 26. Qc4 Ne8 27. Ng4 Bf8 28. Qc3 Bg7 29. h5 Nf6 30. hxg6 hxg6 31. Ne3 Qc7 32. Rb1 Rd4 33. a5 b5 34. Nc2 Rdd8 35. b4 Bf8 36. bxc5 Qxc5 37. Qxc5 Bxc5 38. Nb4 Rd6 39. Kf1 Nxe4 40. dxe4 Rxd1+ 41. Rxd1 Bxb4 42. a6 Rb6 43. Bc8 Ba3 44. Rd3 Bd6 45. Bb7 b4 46. Rb3 Bc5 47. Ke2 Bd4 48. f4 Bc3 49. Kd3 Rd6+ 50. Ke3 exf4+ 51. gxf4 Rd1 52. Bd5 Kf8 53. Bc4 f6 54. Bd3 g5 55. Be2 Re1 56. fxg5 fxg5 57. Kf2 Ke7 58. e5 Ra1 59. Bc4 Ra5 60. Rb1 Rxe5 61. Rh1 Kd6 62. Bb3 Bd4+ 63. Kg2 Re2+ 0-1

[Event "FRA-chT Top 16 GpA"]
[Site "France"]
[Date "2007.05.01"]
[Round "7"]
[White "Bouchet, Nicolas"]
[Black "Hauchard, Arnaud"]
[Result "0-1"]
[WhiteElo "2316"]
[BlackElo "2474"]
[PlyCount "78"]
[EventDate "2007.02.09"]
[EventType "team"]
[EventRounds "11"]
[EventCountry "FRA"]
[SourceTitle "CBM 118 Extra"]
[Source "ChessBase"]
[SourceDate "2007.07.04"]
[SourceVersion "1"]
[SourceVersionDate "2007.07.04"]
[SourceQuality "1"]
[WhiteTeam "Creteil"]
[BlackTeam "Paris Chess Club"]
[WhiteTeamCountry "FRA"]
[BlackTeamCountry "FRA"]

1. e4 c5 2. c3 Nf6 3. e5 Nd5 4. d4 cxd4 5. Nf3 Nc6 6. cxd4 d6 7. Bc4 Nb6 8. Bb5 dxe5 9. Nxe5 Bd7 10. Nxd7 Qxd7 11. Nc3 e6 12. 0-0 Be7 13. Be3 0-0 14. Qg4 Rfd8 15. Rad1 Nd5 16. Bh6 g6 17. Bg5 h5 18. Qh4 Bxg5 19. Qxg5 Nxc3 20. bxc3 Qd5 21. Qxd5 Rxd5 22. Bc4 Rd6 23. Be2 Rc8 24. Rb1 Na5 25. Rfc1 Rdc6 26. c4 Nxc4 27. Rxb7 Nd6 28. Rxc6 Rxc6 29. Rb8+ Kg7 30. g3 Rc2 31. Bf3 Rxa2 32. d5 e5 33. Rd8 Ra6 34. Be2 Rb6 35. Rd7 a6 36. Rc7 Kf6 37. Rc6 Rxc6 38. dxc6 a5 39. c7 a4 0-1

[Event "FRA-chT Top 16 GpA"]
[Site "France"]
[Date "2007.04.30"]
[Round "6"]
[White "Bouchet, Nicolas"]
[Black "Jedynak, Radoslaw"]
[Result "0-1"]
[WhiteElo "2316"]
[BlackElo "2554"]
[PlyCount "68"]
[EventDate "2007.02.09"]
[EventType "team"]
[EventRounds "11"]
[EventCountry "FRA"]
[SourceTitle "CBM 118 Extra"]
[Source "ChessBase"]
[SourceDate "2007.07.04"]
[SourceVersion "1"]
[SourceVersionDate "2007.07.04"]
[SourceQuality "1"]
[WhiteTeam "Creteil"]
[BlackTeam "Marseille"]
[WhiteTeamCountry "FRA"]
[BlackTeamCountry "FRA"]

1. e4 c6 2. d4 d5 3. e5 Bf5 4. c4 e6 5. Nc3 Nd7 6. f4 dxc4 7. Bxc4 Nb6 8. Bb3 Ne7 9. Nge2 Bg4 10. h3 Bxe2 11. Nxe2 Nf5 12. 0-0 h5 13. Qd3 g6 14. Be3 Qd7 15. Bf2 h4 16. Qf3 Be7 17. Rfd1 0-0-0 18. Rab1 Nd5 19. Bc2 Rdg8 20. Nc3 Kb8 21. a3 Bd8 22. Bxf5 gxf5 23. Nxd5 cxd5 24. Qb3 Rg6 25. Kh2 f6 26. exf6 Bc7 27. Qe3 Qd6 28. Qe5 Qc6 29. Qe3 Qc2 30. Kh1 Qe4 31. Qxe4 fxe4 32. Rf1 Rxf6 33. Bg1 Rhf8 34. Bh2 Bxf4 0-1

[Event "FRA-chT Top 16 GpA"]
[Site "France"]
[Date "2007.04.29"]
[Round "5"]
[White "Miralles, Gilles"]
[Black "Bouchet, Nicolas"]
[Result "1-0"]
[WhiteElo "2486"]
[BlackElo "2316"]
[PlyCount "61"]
[EventDate "2007.02.09"]
[EventType "team"]
[EventRounds "11"]
[EventCountry "FRA"]
[SourceTitle "CBM 118 Extra"]
[Source "ChessBase"]
[SourceDate "2007.07.04"]
[SourceVersion "1"]
[SourceVersionDate "2007.07.04"]
[SourceQuality "1"]
[WhiteTeam "Antibes"]
[BlackTeam "Creteil"]
[WhiteTeamCountry "FRA"]
[BlackTeamCountry "FRA"]

1. e4 c5 2. c3 g6 3. d4 cxd4 4. cxd4 d5 5. e5 Nc6 6. Nc3 f6 7. exf6 Nxf6 8. Nf3 Bg7 9. Be2 0-0 10. 0-0 Ne4 11. Be3 Nxc3 12. bxc3 Kh8 13. Rb1 b6 14. Qd2 Bg4 15. Bh6 Bxh6 16. Qxh6 Bxf3 17. Bxf3 e5 18. Rb5 e4 19. Bg4 Qd6 20. f3 Rae8 21. Qg5 Rd8 22. Re1 Qa3 23. Qd2 Qa4 24. Rbb1 Rfe8 25. fxe4 dxe4 26. Qf4 Nxd4 27. Rb4 Qxa2 28. Rxd4 Rxd4 29. Qf6+ Kg8 30. Qxd4 e3 31. Rxe3 1-0

[Event "FRA-chT Top 16 GpA"]
[Site "France"]
[Date "2007.02.11"]
[Round "3.2"]
[White "Bologan, Viktor"]
[Black "Bouchet, Nicolas"]
[Result "1-0"]
[WhiteElo "2658"]
[BlackElo "2320"]
[PlyCount "101"]
[EventDate "2007.02.09"]
[EventType "team"]
[EventRounds "11"]
[EventCountry "FRA"]
[SourceTitle "CBM 116 Extra"]
[Source "ChessBase"]
[SourceDate "2007.03.07"]
[SourceVersion "1"]
[SourceVersionDate "2007.03.07"]
[SourceQuality "1"]
[WhiteTeam "Gonfreville"]
[BlackTeam "Creteil"]
[WhiteTeamCountry "FRA"]
[BlackTeamCountry "FRA"]

1. e4 c5 2. Nf3 g6 3. d4 cxd4 4. Nxd4 Bg7 5. Nc3 Nc6 6. Be3 Nf6 7. Bc4 0-0 8. Bb3 a5 9. 0-0 a4 10. Nxa4 Nxe4 11. Nb5 d5 12. Bb6 Qd7 13. f3 Nb4 14. Qe2 Nd6 15. Nxd6 exd6 16. c3 Rxa4 17. Bxa4 Qxa4 18. cxb4 Qxb4 19. Bf2 Qxb2 20. Qxb2 Bxb2 21. Rab1 Ba3 22. Rfd1 Bc5 23. Bxc5 dxc5 24. Rxd5 Be6 25. Rxc5 Bxa2 26. Rxb7 Rd8 27. Rb2 Rd1+ 28. Kf2 Be6 29. g4 Kg7 30. h3 h5 31. Rb8 hxg4 32. hxg4 Kf6 33. Re8 g5 34. Rg8 Rd5 35. Rxd5 Bxd5 36. Kg3 Bb7 37. f4 gxf4+ 38. Kxf4 Bc6 39. g5+ Ke6 40. Rh8 Ba4 41. Rh6+ Ke7 42. Ke5 Bb3 43. Rb6 Ba2 44. Rb7+ Kf8 45. Kf6 Kg8 46. Rb8+ Kh7 47. Rf8 Bb3 48. Rxf7+ Bxf7 49. Kxf7 Kh8 50. Kg6 Kg8 51. Kh6 1-0

[Event "FRA-chT Top 16 GpA"]
[Site "France"]
[Date "2007.02.09"]
[Round "1.2"]
[White "Bouchet, Nicolas"]
[Black "Nijboer, Friso"]
[Result "0-1"]
[WhiteElo "2320"]
[BlackElo "2638"]
[PlyCount "80"]
[EventDate "2007.02.09"]
[EventType "team"]
[EventRounds "11"]
[EventCountry "FRA"]
[SourceTitle "CBM 116 Extra"]
[Source "ChessBase"]
[SourceDate "2007.03.07"]
[SourceVersion "1"]
[SourceVersionDate "2007.03.07"]
[SourceQuality "1"]
[WhiteTeam "Creteil"]
[BlackTeam "Vandoeuvre"]
[WhiteTeamCountry "FRA"]
[BlackTeamCountry "FRA"]

1. e4 c5 2. c3 Nf6 3. e5 Nd5 4. d4 cxd4 5. Nf3 Nc6 6. Bc4 Nb6 7. Bb3 d5 8. exd6 Qxd6 9. 0-0 Be6 10. Bxe6 Qxe6 11. Nxd4 Nxd4 12. Qxd4 Rd8 13. Qf4 g6 14. Be3 Bg7 15. Bxb6 axb6 16. Na3 Qc6 17. Qb4 Rd5 18. Rad1 Rg5 19. g3 Bf6 20. Rd3 0-0 21. Rfd1 Kg7 22. c4 h5 23. Rb3 Qe4 24. Qxb6 Qe2 25. Rb1 h4 26. Qe3 Qh5 27. Qf3 hxg3 28. hxg3 Qh3 29. Rd1 Rh8 30. Qg2 Qg4 31. Rd5 Qe2 32. Re3 Qxb2 33. Qf1 Rxd5 34. cxd5 Qxa2 35. Qd1 Rc8 36. d6 exd6 37. Qxd6 Qa1+ 38. Kg2 Rh8 39. Kf3 Qh1+ 40. Ke2 Rd8 0-1

[Event "FRA-chT Top 16 GpA"]
[Site "France"]
[Date "2006.04.02"]
[Round "7"]
[White "Bricard, Emmanuel"]
[Black "Bouchet, Nicolas"]
[Result "1-0"]
[WhiteElo "2473"]
[BlackElo "2307"]
[PlyCount "71"]
[EventDate "2006.02.03"]
[EventType "team-tourn"]
[EventRounds "7"]
[EventCountry "FRA"]
[SourceTitle "CBM 111 Extra"]
[Source "ChessBase"]
[SourceDate "2006.05.09"]
[SourceVersion "1"]
[SourceVersionDate "2006.05.09"]
[SourceQuality "1"]
[WhiteTeam "Mulhouse"]
[BlackTeam "Creteil"]
[WhiteTeamCountry "FRA"]
[BlackTeamCountry "FRA"]

1. e4 c5 2. Nc3 g6 3. g3 Bg7 4. Bg2 Nc6 5. d3 e6 6. Be3 d6 7. Qd2 b6 8. Nge2 e5 9. 0-0 Nf6 10. h3 Bb7 11. f4 exf4 12. Rxf4 Ne5 13. Raf1 Qe7 14. R4f2 h6 15. Nd5 Nxd5 16. exd5 0-0-0 17. b4 Rde8 18. bxc5 dxc5 19. Bf4 g5 20. Bxe5 Qxe5 21. Be4 Rhf8 22. c4 Qc7 23. Kg2 Be5 24. a4 f6 25. a5 bxa5 26. Rb1 a6 27. Rf3 Bd6 28. Nc3 Kd8 29. Bf5 Bc8 30. Ne4 Bxf5 31. Rxf5 Rxe4 32. dxe4 Bxg3 33. d6 Bxd6 34. e5 Qc6+ 35. Kg1 fxe5 36. Rxf8+ 1-0

[Event "FRA-chT2 0405"]
[Site "France"]
[Date "2004.11.07"]
[Round "3.4"]
[White "Medghoul, Sherif"]
[Black "Bouchet, Nicolas"]
[Result "1/2-1/2"]
[WhiteElo "2177"]
[BlackElo "2281"]
[PlyCount "69"]
[EventDate "2004.10.10"]
[EventType "team"]
[EventRounds "11"]
[EventCountry "FRA"]
[SourceTitle "EXT 2006"]
[Source "ChessBase"]
[SourceDate "2005.11.24"]
[SourceVersion "1"]
[SourceVersionDate "2005.11.24"]
[SourceQuality "1"]
[WhiteTeam "Maromme"]
[BlackTeam "Creteil  II"]
[WhiteTeamCountry "FRA"]
[BlackTeamCountry "FRA"]

1. d4 d5 2. c4 c6 3. Nc3 Nf6 4. e3 Nbd7 5. Nf3 e6 6. Bd3 dxc4 7. Bxc4 b5 8. Bd3 Bb7 9. 0-0 Be7 10. Ne4 a6 11. Qe2 0-0 12. Nxf6+ Nxf6 13. e4 c5 14. dxc5 Bxc5 15. e5 Bxf3 16. Qxf3 Nd5 17. Be4 Ra7 18. Qg3 f5 19. exf6 Qxf6 20. Be3 Nf4 21. Bf3 Rc7 22. Rac1 Bd6 23. Rxc7 Bxc7 24. Bxf4 Bxf4 25. Qh3 Rd8 26. Rd1 Rd6 27. Rxd6 Bxd6 28. Be4 g6 29. Bd3 Kg7 30. Qe3 Be5 31. b3 Bd4 32. Qe2 Qf4 33. g3 Qc1+ 34. Kg2 e5 35. Qc2 1/2-1/2

[Event "FRA-ch Accession"]
[Site "Aix les Bains"]
[Date "2003.08.22"]
[Round "4"]
[White "Prie, Eric"]
[Black "Bouchet, Nicolas"]
[Result "1-0"]
[WhiteElo "2435"]
[BlackElo "2260"]
[PlyCount "105"]
[EventDate "2003.08.19"]
[EventType "swiss"]
[EventRounds "11"]
[EventCountry "FRA"]
[SourceTitle "EXT 2004"]
[Source "ChessBase"]
[SourceDate "2003.11.25"]
[SourceVersion "1"]
[SourceVersionDate "2003.11.25"]
[SourceQuality "1"]

1. d4 d5 2. c3 Nf6 3. Bg5 c5 4. Bxf6 gxf6 5. e3 Nc6 6. Nf3 cxd4 7. cxd4 Bg4 8. Be2 e6 9. 0-0 Bd6 10. Nc3 Bxf3 11. Bxf3 f5 12. Rc1 0-0 13. g3 Rc8 14. Be2 Na5 15. Bd3 Nc4 16. Qe2 Nb6 17. Rc2 a6 18. Rfc1 Rc7 19. Kh1 Kh8 20. Qh5 Qf6 21. Ne2 Rfc8 22. Rxc7 Rxc7 23. Rxc7 Bxc7 24. h3 Nc4 25. Bxc4 dxc4 26. Qf3 b5 27. Qc6 Qd8 28. Qxa6 Qd5+ 29. Kg1 Kg7 30. a3 Qf3 31. Kf1 Qh1+ 32. Ng1 Qd5 33. Qa7 Bd6 34. Qa5 Qc6 35. Qc3 f6 36. Qc2 Kf7 37. Qe2 Qe4 38. Nf3 Qb1+ 39. Kg2 Bxa3 40. bxa3 Qb3 41. d5 e5 42. Ne1 Qxa3 43. Qh5+ Kg7 44. Qxf5 Qd6 45. Qg4+ Kf7 46. e4 b4 47. Qc8 b3 48. Qxc4 Qb6 49. Nd3 b2 50. Nxb2 Qxb2 51. d6+ Kf8 52. d7 Qb6 53. Qc8+ 1-0

[Event "FRA-ch Accession"]
[Site "Aix les Bains"]
[Date "2003.08.19"]
[Round "8"]
[White "Bouchet, Nicolas"]
[Black "Djalal, Boris"]
[Result "1-0"]
[WhiteElo "2260"]
[BlackElo "2200"]
[PlyCount "55"]
[EventDate "2003.08.19"]
[EventType "swiss"]
[EventRounds "11"]
[EventCountry "FRA"]
[SourceTitle "EXT 2004"]
[Source "ChessBase"]
[SourceDate "2003.11.25"]
[SourceVersion "1"]
[SourceVersionDate "2003.11.25"]
[SourceQuality "1"]

1. e4 c5 2. Nf3 d6 3. c3 Nf6 4. h3 g6 5. Bd3 Nc6 6. Bc2 Bg7 7. 0-0 0-0 8. Re1 e5 9. d4 cxd4 10. cxd4 exd4 11. Nxd4 Nxd4 12. Qxd4 Be6 13. Qd1 d5 14. e5 Ne4 15. f3 Ng3 16. Qd4 Rc8 17. Nc3 h5 18. Bf4 Rc4 19. Qd2 h4 20. Bb3 Qb6+ 21. Kh2 Rd4 22. Qc1 Nf5 23. Bc2 Rxf4 24. Qxf4 Bh6 25. Qg4 Qxb2 26. Bxf5 Bxf5 27. Qxh4 Bg7 28. Nxd5 1-0

[Event "Avoine op 18th"]
[Site "Avoine"]
[Date "2003.07.21"]
[Round "3"]
[White "Tihonov, Jurij"]
[Black "Bouchet, Nicolas"]
[Result "1/2-1/2"]
[WhiteElo "2382"]
[BlackElo "2260"]
[PlyCount "126"]
[EventDate "2003.07.19"]
[EventType "swiss"]
[EventRounds "9"]
[EventCountry "FRA"]
[SourceTitle "CBM 095 Extra"]
[Source "ChessBase"]
[SourceDate "2003.09.04"]
[SourceVersion "1"]
[SourceVersionDate "2003.09.04"]
[SourceQuality "1"]

1. d4 d5 2. c4 c6 3. Nf3 Nf6 4. Nc3 a6 5. e3 Nbd7 6. Qc2 e6 7. Bd2 Be7 8. Bd3 dxc4 9. Bxc4 c5 10. dxc5 Nxc5 11. a4 a5 12. e4 Na6 13. 0-0 0-0 14. Rfd1 Nb4 15. Qb3 Nd7 16. Be3 Qc7 17. Nb5 Qb8 18. Bd4 b6 19. Qc3 Bf6 20. Bxf6 Nxf6 21. e5 Ne4 22. Qe3 Nc5 23. Rd6 Nc2 24. Qd2 Nxa1 25. Qd1 Ba6 26. Qxa1 Bxb5 27. Bxb5 Qc7 28. Nd2 Rad8 29. Nc4 Rxd6 30. exd6 Qb7 31. Qd1 Rd8 32. h3 Ne4 33. d7 Qc7 34. Qh5 Nf6 35. Qh4 Nxd7 36. Qe7 Rc8 37. Bxd7 Qxc4 38. Bxc8 Qxc8 39. Qd6 h6 40. Qxb6 Qc1+ 41. Kh2 Qf4+ 42. g3 Qxa4 43. Qd8+ Kh7 44. Qd3+ Kg8 45. Qd8+ Kh7 46. Qd3+ f5 47. Qc3 Qb4 48. Qe5 Qb6 49. Kg2 a4 50. h4 Qb3 51. Kh2 Qd5 52. Qf4 Qe4 53. Qd2 e5 54. Qd1 f4 55. Qd2 fxg3+ 56. fxg3 Qd4 57. Qe2 e4 58. Qc2 Kg6 59. Qc6+ Kf5 60. Qc8+ Ke5 61. Qe8+ Kd5 62. Qd7+ Kc5 63. Qa7+ Kd5 1/2-1/2

[Event "FRA-chT2"]
[Site "France"]
[Date "2001.10.??"]
[Round "1"]
[White "Okhotnik, Vladimir"]
[Black "Bouchet, Nicolas"]
[Result "1-0"]
[WhiteElo "2399"]
[BlackElo "2228"]
[PlyCount "79"]
[EventDate "2002.??.??"]
[EventType "team"]
[EventRounds "11"]
[EventCountry "FRA"]
[SourceTitle "EXT 2003"]
[Source "ChessBase"]
[SourceDate "2002.11.25"]
[SourceVersion "1"]
[SourceVersionDate "2002.11.25"]
[SourceQuality "1"]

1. e4 c5 2. Nf3 Nc6 3. Bb5 g6 4. Bxc6 dxc6 5. d3 Bg7 6. h3 e5 7. Be3 b6 8. Nc3 Qd6 9. Qd2 f5 10. exf5 gxf5 11. Qe2 Ne7 12. Nd2 Nd5 13. Nc4 Qe7 14. Qh5+ Kd8 15. Bg5 Bf6 16. Bxf6 Qxf6 17. 0-0-0 Be6 18. Ne2 b5 19. Na5 Kc7 20. c4 Ne7 21. Nc3 Kb6 22. Nb3 a5 23. f4 a4 24. fxe5 Qg7 25. Nd2 a3 26. Qe2 axb2+ 27. Kxb2 b4 28. Ncb1 Ra6 29. Nb3 Rha8 30. a3 Ng6 31. Rhe1 Qa7 32. Qe3 bxa3+ 33. Ka2 Qe7 34. Nc3 Rb8 35. Nxc5 Ka5 36. Rb1 Rab6 37. Rxb6 Rxb6 38. Rb1 Qa7 39. Qd2 Rxb1 40. Nd5+ 1-0

[Event "FRA-ch Accession"]
[Site "Vichy"]
[Date "2000.08.16"]
[Round "1"]
[White "Bouchet, Nicolas"]
[Black "Pira, Davoud"]
[Result "0-1"]
[WhiteElo "2210"]
[BlackElo "2441"]
[PlyCount "95"]
[EventDate "2000.08.16"]
[EventType "swiss"]
[EventRounds "11"]
[EventCountry "FRA"]
[SourceTitle "EXT 2001"]
[Source "ChessBase"]
[SourceDate "2000.11.22"]
[SourceVersion "1"]
[SourceVersionDate "2000.11.22"]
[SourceQuality "1"]

1. e4 c5 2. c3 d5 3. exd5 Qxd5 4. d4 Nf6 5. Nf3 g6 6. Be2 Bg7 7. 0-0 cxd4 8. Nxd4 0-0 9. Bf3 Qa5 10. Re1 Re8 11. b4 Qd8 12. Nb5 Nc6 13. Qxd8 Rxd8 14. Nc7 Rb8 15. Be3 Bg4 16. Bxc6 bxc6 17. Na6 Ra8 18. Bd4 Nd5 19. Bxg7 Kxg7 20. c4 Nf4 21. Nc3 Rd3 22. Rac1 Rad8 23. h3 Be6 24. Nc5 R3d4 25. Nxe6+ Nxe6 26. Re4 Rxe4 27. Nxe4 Rd4 28. Ng3 Rd2 29. a3 Ra2 30. Rc3 f5 31. b5 c5 32. Nf1 Nd4 33. Rd3 Ra1 34. f3 Rc1 35. Kf2 Rxc4 36. Ne3 Rc1 37. f4 Kf7 38. a4 Ra1 39. Rc3 Ra2+ 40. Kf1 Rxa4 41. Rxc5 Ne6 42. Rc4 Ra1+ 43. Ke2 Rb1 44. g3 Rxb5 45. Ra4 a5 46. Nc4 Nd4+ 47. Kd3 Nc6 48. Kc3 0-1